| 000 | 00882nam a2200241 i 4500 | ||
|---|---|---|---|
| 001 | 179816 | ||
| 003 | ES-MaACL | ||
| 005 | 20240518063045.0 | ||
| 008 | 120126s2008 sp c |||| | spa d | ||
| 020 | _a84-8191-323-1 | ||
| 080 | _a821.134.3-31"18" | ||
| 100 | 1 |
_aQueirós, Eça de, _d1845-1900 _994499 |
|
| 245 | 1 | 4 |
_aLos maia _b: episodios de la vida romántica / _cJ.M. Eça de Queirós ; traducción, prólogo y notas de Jorge Gimeno. |
| 250 | _a1ª ed., 3ª reimp. | ||
| 260 |
_aValencia : _bPre-Textos, _c2008. |
||
| 300 |
_a829 p. : _b1 retr. ; _c21 cm. |
||
| 490 | 1 |
_aPre-textos ; _v460. _aNarrativa clásicos ; _v9 |
|
| 700 | 1 |
_aGimeno, Jorge. _957080 |
|
| 830 | 0 |
_aPre-textos ; _v460. _aNarrativa clásicos ; _v9 _9184237 |
|
| 852 |
_aES-MaACL _jA-11931 _9186716 _bR.146913 _cDEPO1 _dOlim: N-4936 |
||
| 942 |
_2udc _cMONOGRAFIA |
||
| 999 |
_c179816 _d179816 |
||